10 questions sur une ville française #14 : NANTES - Statistiques

Statistiques générales
  • Ce quiz a été pris 549 fois
  • Le résultat moyen est 7 sur 10
Statistiques - réponses
Question Réponse % Correct
Au profit de quelle ville Nantes a-t-elle cédé son statut de capitale bretonne ? Rennes
95%
Quel classement occupe-t-elle en termes d'habitants en France ? 6ème
91%
Quel est le nom breton de Nantes ? Naoned
82%
Quelle rivière se jette dans la Loire à Nantes ? L'Erdre
81%
Après l'abandon de quel aéroport un agrandissement de celui de Nantes-Atlantique a-t-il été décidé ? Notre-Dame-des-Landes
79%
Quel ouvrage portant le nom de la ville et promulgué en 1598 traitait des droits accordés aux protestants ? L'Edit de Nantes
75%
Combien Nantes compte-t-elle d'habitants ? (à 10 000 près) 303 382
65%
Quel premier ministre a cédé à sa fonction de maire de Nantes en 2012 ? Jean-Marc Ayrault
65%
Quelle est sa superficie ? (à 10 km² près) 65,19 km²
52%
Avec quelle capitale asiatique Nantes est-elle jumelée ? Tbilissi
11%
Aucun quiz correspondant
Distribution des résultats
% des personnes avec chaque résultat
Percentile par nombre de réponses
Votre historique - résultats
Vous n’avez pas pris ce quiz